Archibald / (Record no. 7932)

MARC details
000 -LEADER
fixed length control field 00967nam a22003017a 4500
001 - CONTROL NUMBER
control field 7932
003 - CONTROL NUMBER IDENTIFIER
control field FISKH
005 - DATE AND TIME OF LATEST TRANSACTION
control field 20250814101055.0
008 - FIXED-LENGTH DATA ELEMENTS--GENERAL INFORMATION
fixed length control field 250814b cb ||||| |||| 00| 0 eng d
020 ## - INTERNATIONAL STANDARD BOOK NUMBER
International Standard Book Number 1856180387
040 ## - CATALOGING SOURCE
Original cataloging agency FISKH
Language of cataloging eng
Transcribing agency FISKH
Modifying agency FISKH
050 ## - LIBRARY OF CONGRESS CALL NUMBER
Classification number 843.914
082 ## - DEWEY DECIMAL CLASSIFICATION NUMBER
Classification number PZ7
100 ## - MAIN ENTRY--PERSONAL NAME
Personal name Tharlet, Eve
Dates associated with a name (1956-)
245 ## - TITLE STATEMENT
Title Archibald /
Statement of responsibility, etc. By Eve Tharlet ; Adapted by Andrew Clements
250 ## - EDITION STATEMENT
Edition statement This edition first published in 1992
260 ## - PUBLICATION, DISTRIBUTION, ETC.
Place of publication, distribution, etc. London :
Name of publisher, distributor, etc. PictureBooks,
Date of publication, distribution, etc. 1992
300 ## - PHYSICAL DESCRIPTION
Extent 22 unnumbered pages :
Other physical details color illustrations ;
Dimensions 25 cm
505 ## - FORMATTED CONTENTS NOTE
Formatted contents note R<br/>
520 ## - SUMMARY, ETC.
Summary, etc. Eccentric old Archibald alarms the neighbors with his pranks and far-fetched stories, but they miss him after they force him to move away.<br/>
521 8# - TARGET AUDIENCE NOTE
Target audience note 720<br/>
Source Lexile<br/>
521 8# - TARGET AUDIENCE NOTE
Target audience note R<br/>
Source Raz-Plus<br/>
650 ## - SUBJECT ADDED ENTRY--TOPICAL TERM
Source of heading or term First Edition
Topical term or geographic name entry element Children's
650 ## - SUBJECT ADDED ENTRY--TOPICAL TERM
Source of heading or term Neighbors
Topical term or geographic name entry element Prank
700 ## - ADDED ENTRY--PERSONAL NAME
Personal name Tharlet, Eve
Dates associated with a name illustrator
942 ## - ADDED ENTRY ELEMENTS (KOHA)
Source of classification or shelving scheme Dewey Decimal Classification
Koha item type Books
Suppress in OPAC No
Holdings
Withdrawn status Lost status Source of classification or shelving scheme Damaged status Not for loan Collection Home library Current library Shelving location Date acquired Total Checkouts Full call number Barcode Date last seen Copy number Price effective from Koha item type
    Dewey Decimal Classification     Juvenile Fiction Footprints International School Library Network Toul Tom Poung Campus Footprints International School Library Network Toul Tom Poung Campus TTP Primary Orange Bookshelves 08/14/2025   THA 843.914 PZ7 FIS01971 08/14/2025 1 08/14/2025 Books